Drogon Killed Victims Quiz Stats

 Plays Quiz not verified by Sporcle

Score 0/8 Timer 04:00
0 Plays Today
Season Victim % Correct
8Varys
81%
7Randyll Tarly
76.2%
7Dickon Tarly
76.2%
8Cersei Lannister
66.7%
8Jaime Lannister
66.7%
2Pyat Pree
61.9%
3Kraznys mo Nakloz
57.1%
8Nora
19%

You're not logged in!

Compare scores with friends on all Sporcle quizzes.
OR
Log In

Sporcle TV

Today on Sporcle TV


Watch our educational content, quiz creation guides, and fun videos on Sporcle TV.

Show Comments

Extras

Created Jun 26, 2019ReportNominate
Tags:killed, season, victim

Top Quizzes Today


Score Distribution

Your Account Isn't Verified!

In order to create a playlist on Sporcle, you need to verify the email address you used during registration. Go to your Sporcle Settings to finish the process.

Report this User

Report this user for behavior that violates our Community Guidelines.

Details: